| 000 | 00970nam a2200229 a 4500 | ||
|---|---|---|---|
| 999 |
_c6609 _d6609 |
||
| 001 | 6609 | ||
| 003 | BD-JhCC | ||
| 005 | 20180218084846.0 | ||
| 008 | 180127s2009 bg |||| || | 000 0 ben d | ||
| 035 | _a(BD-JhCC)6609 | ||
| 040 |
_aBD-JhCC _dBD-JhCC |
||
| 041 | _aben | ||
| 082 |
_a297 _bJAN 2009 |
||
| 100 | _aজাহাঙ্গীর, খোন্দকার আব্দুল্লাহ্ | ||
| 245 |
_aফুরফুরার পীর আল্লামা আবু জাফর সিদ্দিকীর (রাহ) আল-মাউযূআত : _bএকটি বিশ্লেষণাত্নক পর্যালোচনা / _cখোন্দকার আব্দুল্লাহ্ জাহাঙ্গীর |
||
| 260 |
_aঝিনাইদহ : _bআস-সুন্নাহ পাবলিকেশন্স, _c2009 |
||
| 300 |
_a527 p. : _c22 cm. |
||
| 650 | _aIslam | ||
| 650 | _aHadith | ||
| 942 |
_2ddc _cBK |
||